[Event "Schwaebisch Gmuend op"]
[Site "Schwaebisch Gmuend"]
[Date "1994.??.??"]
[Round "4"]
[White "Kovalev, Andrei"]
[Black "Vuckovic, Aleksandar"]
[Result "1-0"]
[WhiteElo "2530"]
[BlackElo "2275"]

1.e4 c5 2.Nf3 Nc6 3.Nc3 g6 4.d4 cxd4 5.Nxd4 Bg7 6.Nb3 Nf6 7.Be2 O-O 8.O-O d6
9.Kh1 Be6 10.f4 Rc8 11.Bf3 Bc4 12.Re1 b5 13.Nd5 Nxd5 14.exd5 Nb4 15.Qd2 Bxb3
16.Qxb4 Bxc2 17.Qxb5 Rc7 18.a4 Qb8 19.Ra3 Qxb5 20.axb5 Rb8 21.Be2 f5 22.Be3 Rbb7
23.b6 axb6 24.Ra8+ Kf7 25.Bb5 Bxb2 26.Be8+ Kg7 27.Bc6 Ra7 28.Rb8 Be4 29.Bxb6 Bc3
30.Rc1 Bf6 31.Bxa7 Rxa7 32.Ra8 Rxa8 33.Bxa8 Bd4 34.h3 Be3 35.Rf1 h6 36.Kh2 e6
37.g4 g5 38.fxg5 hxg5 39.dxe6 Bxa8 40.Rxf5 Bf4+ 41.Kg1 Bc6 42.e7 d5 43.Rf8  1-0

[Event "Schwaebisch Gmuend op"]
[Site "Schwaebisch Gmuend"]
[Date "1994.??.??"]
[Round "5"]
[White "Pribyl, Martin"]
[Black "Mueller, Ralf"]
[Result "1-0"]
[WhiteElo "2360"]
[BlackElo "2255"]

1.e4 c5 2.Nf3 Nc6 3.Nc3 g6 4.d4 cxd4 5.Nxd4 Bg7 6.Be3 Nf6 7.Nb3 O-O 8.Be2 b6
9.f4 d6 10.Bf3 Bb7 11.O-O Rc8 12.Nd5 e6 13.Nxf6+ Bxf6 14.c3 Qe7 15.Qe2 Rfd8
16.Rfd1 Rc7 17.a4 e5 18.a5 exf4 19.axb6 Rcd7 20.Bxf4 axb6 21.Be3 Ne5 22.Bxb6 Rb8
23.Ba7 Re8 24.Bd4 Bg7 25.Na5 Ba8 26.Qf2 Qg5 27.Bxe5 Bxe5 28.Nc4 Bf4 29.Ra5 Qh6
30.g3 Rc7 31.Qe2 d5 32.Rxa8 Rxa8 33.exd5 Rac8 34.d6 Rxc4 35.d7 Be3+ 36.Kg2 Bb6
37.Qe8+ Qf8 38.dxc8=Q Rxc8 39.Qxf8+ Kxf8 40.Bd5 Rc7  1-0

[Event "Sevilla op"]
[Site "Sevilla"]
[Date "1994.??.??"]
[Round "4"]
[White "Alvarez Ibarra, D Rafael"]
[Black "Spraggett, Kevin"]
[Result "1/2-1/2"]
[WhiteElo "2435"]
[BlackElo "2550"]

1.e4 c5 2.Nc3 Nc6 3.Bb5 Nd4 4.Bc4 g6 5.Nge2 Bg7 6.O-O d6 7.Nxd4 cxd4 8.Ne2 Nf6
9.d3 Qb6 10.a4 O-O 11.a5 Qc5 12.b3 a6 13.h3 e5 14.f4 b5 15.axb6 Qxb6 16.fxe5 dxe5
17.Ba3 Re8 18.Qe1 Be6 19.Qf2 Nd7 20.Bc1 f6 21.Bd2 Bxc4 22.bxc4 Rab8 23.Ra2 a5
24.c3 dxc3 25.Nxc3 Qxf2+  1/2-1/2

[Event "SLO-chT"]
[Site "?"]
[Date "1994.??.??"]
[Round "?"]
[White "Pongrac, Alojzija"]
[Black "Riznar, Helena"]
[Result "1/2-1/2"]
[WhiteElo "1995"]
[BlackElo "1870"]

1.e4 c5 2.Nc3 Nc6 3.Nf3 g6 4.Bc4 Bg7 5.O-O e6 6.a3 Nge7 7.Ne2 d5 8.exd5 exd5
9.Bb5 O-O 10.Bxc6 Nxc6 11.Ng3 Re8 12.c3 b6 13.d3 Qd6 14.h3 Ba6 15.Rb1 Nd8
16.Re1 Rxe1+ 17.Nxe1 Ne6 18.Qf3 Re8 19.Bd2 d4 20.c4 Qc7 21.Qd1 Bb7 22.Nf1 Nf4
23.Bxf4 Qxf4 24.Qg4 Qxg4 25.hxg4 Bc8 26.Nh2 Re2 27.Kf1 Rd2 28.Nhf3 Bh6 29.g5 Bxg5
30.Nxg5 Bg4 31.f3 Bf5 32.Ne4 Bxe4 33.fxe4 h5 34.b4 Ra2 35.Rb3 a6 36.bxc5 bxc5
37.Rb8+ Kg7 38.Rc8 Rxa3 39.Rxc5 a5 40.Rb5 a4 41.Ra5 Ra1 42.Ke2 Ra2+ 43.Kd1 Ra1+
44.Kd2 h4 45.Nf3 Ra2+ 46.Ke1 Rxg2 47.Rxa4 h3 48.Kf1 Rg3 49.Kf2 Rg2+ 50.Kf1 Rg3  1/2-1/2

[Event "SLO-chT"]
[Site "?"]
[Date "1994.??.??"]
[Round "?"]
[White "Pongrac, Alojzija"]
[Black "Pribozic, B."]
[Result "1/2-1/2"]
[WhiteElo "1995"]
[BlackElo "1960"]

1.e4 c5 2.Nc3 Nc6 3.Nf3 g6 4.d3 d6 5.Ne2 e5 6.c3 Qb6 7.Ng3 Nf6 8.Be2 Bg7
9.h4 h5 10.Qb3 Qxb3 11.axb3 Be6 12.Bd1 b6 13.Ng5 Bc8 14.Be3 Ng4 15.Bd2 f6
16.Nh3 Be6 17.f3 Nh6 18.Nf2 Rf8 19.Bc2 Na5 20.Ra3 Rf7 21.Ne2 Nc6 22.c4 Ng8
23.Nc3 Nd4 24.Kd1 Ne7 25.Nd5 Nxd5 26.exd5 Bd7 27.b4 Bf8 28.b5 Rh7 29.Ne4 Be7
30.b4 f5 31.Nf2 Bc8 32.bxc5 bxc5 33.Be3 Bf6 34.Bxd4 exd4 35.b6 Rb7 36.Ba4+ Bd7
37.Bxd7+ Kxd7 38.bxa7 Raxa7 39.Rxa7 Rxa7 40.g3 Be5 41.f4 Ra1+ 42.Ke2 Rxh1
43.Nxh1 Bf6 44.Kd2 Kc7 45.Kc2 Kb7 46.Kb3  1/2-1/2

[Event "SLO-chT"]
[Site "?"]
[Date "1994.??.??"]
[Round "?"]
[White "Kozjan, M."]
[Black "Pongrac, Alojzija"]
[Result "0-1"]
[WhiteElo "1670"]
[BlackElo "1995"]

1.e4 c5 2.Nc3 Nc6 3.Nf3 g6 4.Bc4 e6 5.d3 Bg7 6.Be3 d6 7.Qd2 a6 8.a3 b5 9.Ba2 Bb7
10.d4 c4 11.d5 Ne5 12.Nd4 exd5 13.exd5 Ne7 14.Bg5 Qd7 15.Nde2 f6 16.Bh4 Nf5
17.Bg3 O-O 18.f4 Ng4 19.O-O-O Rae8 20.h3 Nge3 21.Rdg1 Nxg3 22.Nxg3 a5 23.Nd1 Nxd5
24.Qxa5 Nxf4 25.b3 d5 26.Nc3 Bc6 27.Rd1 Re3 28.Nf1 Rxc3 29.Qxc3 Ne2+ 30.Kd2 Nxc3
31.Kxc3 f5+ 32.Kd2 Qa7 33.c3 Qf2+ 34.Kc1 Qxa2 35.Nd2 Bxc3  0-1

[Event "St Cugat op"]
[Site "St Cugat"]
[Date "1994.??.??"]
[Round "5"]
[White "Papacek, Stepan"]
[Black "Pogorelov, Ruslan"]
[Result "1-0"]
[WhiteElo "2320"]
[BlackElo "2415"]

1.e4 c5 2.Nc3 Nc6 3.Nf3 e6 4.Bb5 Nge7 5.O-O a6 6.Bxc6 Nxc6 7.d4 cxd4 8.Nxd4 Be7
9.Nxc6 bxc6 10.e5 Qc7 11.Bf4 Rb8 12.Ne4 Rxb2 13.Re1 h5 14.Qf3 Qb6 15.Bg5 Bc5
16.Be3 Bxe3 17.fxe3 Rf8 18.Nd6+ Kd8 19.Nc4 Qb4 20.Nxb2 Qxb2 21.Qxh5 Qxc2
22.Qh4+ Ke8 23.Rab1 f6 24.Rb8 Kf7 25.Qh5+ Ke7 26.Qg4 Kf7 27.Qd4 Kg8 28.Rf1 f5
29.h3 a5 30.Qa7  1-0

[Event "St Ingbert op"]
[Site "St Ingbert"]
[Date "1994.??.??"]
[Round "6"]
[White "Galdunts, Sergey"]
[Black "Berend, Fred"]
[Result "0-1"]
[WhiteElo "2420"]
[BlackElo "2405"]

1.e4 c5 2.Nc3 Nc6 3.Nge2 g6 4.g3 Bg7 5.Bg2 e6 6.d3 Nge7 7.h4 h6 8.Be3 Nd4
9.Qd2 d6 10.h5 g5 11.f4 gxf4 12.gxf4 Qa5 13.Nxd4 cxd4 14.Nd1 Qc7 15.Bf2 Rg8
16.Bf3 Bd7 17.Bh4 Rc8 18.Rc1 Bc6 19.Nf2 Nf5 20.Ke2 Nxh4 21.Rxh4 f5 22.Rg1 Kf7
23.Kd1 Bf6 24.Rhh1 Qb6 25.Kc1 a5 26.Qe2 Qc5 27.exf5 Qxf5 28.Be4 Qxf4+ 29.Kb1 Rxg1+
30.Rxg1 Rf8 31.Bxc6 bxc6 32.Ne4 Ke7 33.a4 Bg5 34.Ka2 e5 35.Nxg5 hxg5 36.Qg2 d5
37.Qxg5+ Qxg5 38.Rxg5 Kf6 39.Rg6+ Kf5 40.Rxc6 e4 41.Rc5 Ke6 42.dxe4 dxe4
43.Rg5 e3 44.Rg1 Kd5 45.h6 Rh8 46.Rh1 Ke4 47.b4 axb4 48.a5 e2 49.Kb3 Kf3
50.Kc4 Rxh6 51.Rb1 Ke3 52.Kxb4 Kd2  0-1

[Event "St Petersburg op2"]
[Site "St Petersburg"]
[Date "1994.??.??"]
[Round "1"]
[White "Gubanov, Anton"]
[Black "Kuporosov, Viktor"]
[Result "1-0"]
[WhiteElo "2380"]
[BlackElo "2510"]

1.e4 c5 2.Nc3 Nc6 3.Nf3 e6 4.Bb5 Nd4 5.O-O Ne7 6.Nxd4 cxd4 7.Ne2 a6 8.Ba4 b5
9.Bb3 Nc6 10.d3 g6 11.Bf4 d6 12.Qd2 h5 13.h3 Bg7 14.a4 Bb7 15.Bg5 f6 16.Bh4 g5
17.Bg3 h4 18.Bh2 e5 19.c3 dxc3 20.bxc3 Qd7 21.axb5 axb5 22.Rxa8+ Bxa8 23.Qa2 Ke7
24.Bg8 Bb7 25.Rb1 Nd8 26.Qb3 Bc6 27.Bd5 Ne6 28.Bxc6 Qxc6 29.Qxb5 Qxb5 30.Rxb5 Nc5
31.d4 Ra8 32.f3 Ra1+ 33.Kf2 Nd3+ 34.Ke3 Ne1 35.Rb7+ Kf8 36.Rd7 Bh6 37.Rxd6 g4+
38.f4 g3 39.Bxg3 hxg3 40.Rxf6+ Kg7 41.dxe5 Nxg2+ 42.Kf3 Ne1+ 43.Kxg3 Ra2
44.Nd4 Rg2+ 45.Kh4 Kh7 46.e6 Nd3 47.e7 Rg8 48.Ne6 Nxf4 49.Nf8+  1-0

[Event "St Petersburg op"]
[Site "St Petersburg"]
[Date "1994.??.??"]
[Round "4"]
[White "Zhelnin, Vladimir V"]
[Black "Atalik, Suat"]
[Result "1-0"]
[WhiteElo "2420"]
[BlackElo "2530"]

1.e4 c5 2.Nc3 Nc6 3.Nge2 d6 4.d4 cxd4 5.Nxd4 Nf6 6.f4 e5 7.Nf3 Be7 8.Bc4 O-O
9.Bb3 Rb8 10.Qd3 b5 11.Nxb5 Qa5+ 12.Nc3 Ba6 13.Qd2 Rxb3 14.cxb3 Nb4 15.a3 Nd3+
16.Kd1 Qb6 17.Kc2 Nc5 18.b4 Bd3+ 19.Kd1 Nfxe4 20.Nxe4 Nxe4 21.Qe3 Qc6 22.Ke1 Qc2
23.fxe5 Bd8 24.Bd2 Bb6 25.Rc1 Qb3 26.Nd4 Bxd4 27.Qxd4 dxe5 28.Qe3 Rd8 29.Bc3 f6
30.h4 Bc2 31.Rh3 Qd5 32.Kf1 Bd1 33.Qxa7 Bg4 34.Re3 f5 35.Rce1 Rc8 36.Kg1 Re8
37.Qa6 Qd8 38.Qb5 Qe7 39.Qd5+ Kh8 40.Qc6 Rd8 41.Qb6 Re8 42.Qa6 Rf8 43.Qb5 Qxh4
44.Qxe5 Qf2+ 45.Kh2 Rg8 46.Rxe4 fxe4 47.Rxe4 Qh4+ 48.Kg1 h5 49.b5 Qd8 50.Bd4 Qd7
51.b6 Rd8 52.a4 Bf5 53.Rf4 Bg6 54.a5  1-0

[Event "St Petersburg op"]
[Site "St Petersburg"]
[Date "1994.??.??"]
[Round "9"]
[White "Balashov, Yuri S"]
[Black "Avrukh, Boris"]
[Result "1/2-1/2"]
[WhiteElo "2510"]
[BlackElo "2425"]

1.e4 c5 2.Nc3 Nc6 3.Nf3 d6 4.d4 cxd4 5.Nxd4 Nf6 6.Bg5 e6 7.Qd2 Be7 8.O-O-O Nxd4
9.Qxd4 O-O 10.e5 dxe5 11.Qxe5 Bd7 12.Be2 Rc8 13.Be3 Bb4 14.Rd3 Qe7 15.Rhd1 Bc6
16.a3 Nd7 17.Qg3 Bc5 18.Bxc5 Nxc5 19.Rd6 Ne4 20.Nxe4 Bxe4 21.R1d2  1/2-1/2

[Event "Stockholm op2"]
[Site "Stockholm"]
[Date "1994.??.??"]
[Round "1"]
[White "Hennigan, Michael"]
[Black "Ansell, Simon"]
[Result "1/2-1/2"]
[WhiteElo "2440"]
[BlackElo "2280"]

1.e4 c5 2.Nc3 Nc6 3.Nge2 Nf6 4.d4 cxd4 5.Nxd4 e5 6.Ndb5 d6 7.Bg5 a6 8.Na3 b5
9.Nd5 Be7 10.Nxe7 Nxe7 11.Bxf6 gxf6 12.c4 Qa5+ 13.Qd2 Qxd2+ 14.Kxd2 b4 15.Nc2 Rb8
16.a3 bxa3 17.b4 f5 18.Bd3 fxe4 19.Bxe4 d5 20.cxd5 O-O 21.Rhd1 Bb7 22.Ke1 f5
23.Bf3 Rfc8 24.Nxa3 e4 25.Be2 Nxd5 26.Bc4 Rd8 27.Rd4 Kf7 28.Rad1 Ke6 29.Bb3 Bc6
30.Nc2 Rd7 31.Ne3 Rbd8 32.Bc4 Ke5 33.Nxd5 Bxd5 34.Bxa6 Rd6 35.Bf1 f4 36.b5 Rc8
37.b6 Rc5 38.Rb4 Bb7 39.Rxd6 Kxd6 40.Bc4 Ra5 41.Rb1 Rc5 42.Bg8 Rg5 43.Bxh7 Rxg2
44.Rd1+ Kc5 45.Rc1+ Kxb6 46.Rb1+ Ka6  1/2-1/2

[Event "EUCup Gr2"]
[Site "Strasbourg"]
[Date "1994.??.??"]
[Round "?"]
[White "Rogers, Ian"]
[Black "Kurajica, Bojan"]
[Result "0-1"]
[WhiteElo "2560"]
[BlackElo "2565"]

1.e4 c5 2.Nc3 Nc6 3.Nge2 e5 4.Nd5 d6 5.Nec3 Be6 6.Bc4 a6 7.a4 Nge7 8.d3 Nc8
9.O-O Be7 10.Nxe7 N8xe7 11.Bg5 O-O 12.Nd5 h6 13.Nxe7+ Nxe7 14.Bd2 Qd7 15.a5 f5
16.c3 Bxc4 17.dxc4 Qe6 18.Qe2 f4 19.f3 Rac8 20.Rfd1 Rc6 21.Be1 Rb8 22.Bf2 Kh7
23.Rd2 Rg8 24.Rad1 g5 25.b4 cxb4 26.cxb4 Qxc4 27.Qxc4 Rxc4 28.Rxd6 Nc6 29.b5 axb5
30.h3 Nxa5 31.Re6 Nc6 32.Rdd6 Rg7 33.Rxh6+ Kg8 34.Rd5 b4 35.Rb5 Rd7 36.Kh2 Rc1
37.h4 g4 38.Rg6+ Kh8 39.Rxg4 Rdd1 40.g3 Rd2 41.gxf4 Rxf2+ 42.Kg3 Rxf3+  0-1

[Event "SVK-chT"]
[Site "?"]
[Date "1994.??.??"]
[Round "?"]
[White "Kacincova, Jarmila"]
[Black "Macekova, Martina"]
[Result "1/2-1/2"]
[WhiteElo "2085"]
[BlackElo "2075"]

1.e4 c5 2.Nc3 Nc6 3.Nge2 d6 4.d4 cxd4 5.Nxd4 a6 6.f4 e5 7.Nxc6 bxc6 8.fxe5 dxe5
9.Qxd8+ Kxd8 10.Bg5+ Be7 11.O-O-O+ Kc7 12.Be3 Nf6 13.Bd3 Ng4 14.Bg1 Bg5+
15.Kb1 Ne3 16.Rd2 Be6  1/2-1/2

[Event "SWE-chT 9394"]
[Site "SWE"]
[Date "1994.??.??"]
[Round "6"]
[White "Larsson, Per"]
[Black "Bator, Robert"]
[Result "0-1"]
[WhiteElo "2355"]
[BlackElo "2370"]

1.e4 c5 2.Nc3 Nc6 3.Nge2 d6 4.d4 cxd4 5.Nxd4 e5 6.Nf3 Be7 7.Bc4 Bg4 8.Be3 Rc8
9.Bb3 Nf6 10.h3 Bh5 11.g4 Bg6 12.Nh4 Bxe4 13.Nxe4 Nxe4 14.Nf5 O-O 15.Qe2 Nc5
16.Bxc5 dxc5 17.c3 g6 18.Ng3 Kh8 19.Rd1 Qc7 20.h4 Rcd8 21.Rxd8 Qxd8 22.h5 Bg5
23.Ne4 Qe7 24.Bd5 Bf4 25.Bxc6 bxc6 26.Qc4 Rd8 27.hxg6 fxg6 28.Nxc5 Qd6 29.O-O Qe7
30.Ne6 Qh4 31.Nxf4 Qxg4+ 32.Kh1 exf4 33.Qxc6 Qh4+ 34.Kg2 Rf8 35.Qf3 Qg5+
36.Kh2 Qh6+ 37.Qh3 Qg7 38.Rd1 f3 39.Rd7 Qe5+ 40.Qg3 Qh5+ 41.Qh3 Qe5+ 42.Qg3 Rf4
43.Re7 Rh4+ 44.Kg1 Qxe7  0-1

[Event "SWZ-chT"]
[Site "SWZ"]
[Date "1994.??.??"]
[Round "1"]
[White "Milosevic, Goran"]
[Black "Gerber, Richard"]
[Result "1/2-1/2"]
[WhiteElo "2395"]
[BlackElo "2325"]

1.e4 c5 2.Nf3 Nc6 3.Nc3 d6 4.d4 cxd4 5.Nxd4 e5 6.Nf3 Be7 7.Bc4 Nf6 8.O-O Bg4
9.h3 Bh5 10.Bg5 Rc8 11.Bxf6 Bxf6 12.Be2 O-O 13.Ne1 Bg6 14.Bg4 Rb8 15.a4 Ne7
16.Bf3 Bg5 17.Qd3 Qb6 18.Qb5 Qc7 19.Qb3 a6 20.Rd1 Rfc8 21.g3 h5 22.h4 Bh6
23.Qa3 Rd8 24.Nd3 Kh7 25.Nb4 Qc5 26.Ncd5 Nxd5 27.Rxd5 Qc4 28.b3 Qc3 29.Rd3 Qc7
30.c4 f6 31.Rfd1 Bf7 32.Nc2 Qe7 33.Rxd6 b6 34.Rxd8 Rxd8 35.Qa1 Rxd1+ 36.Qxd1 g6
37.Qd3 Qc5 38.Qd7 Kg7 39.Be2 a5 40.Bf1 Bc1 41.Bh3 Kf8 42.Be6 Qe7 43.Qxe7+ Kxe7
44.Bxf7 Kxf7 45.Kf1 Ke6 46.Ke2 f5 47.Kd3 Bh6 48.c5 bxc5 49.Na3 fxe4+ 50.Ke2 g5
51.Nc4 gxh4 52.gxh4 Bf8 53.Nxa5 Be7 54.Nc4 Bxh4 55.a5 Kd5 56.Nxe5 Bd8 57.a6 Bb6
58.Nd7 Ba7 59.Nf6+ Kd4 60.Nxh5 c4 61.bxc4 Kxc4  1/2-1/2

[Event "SWZ-chT"]
[Site "SWZ"]
[Date "1994.??.??"]
[Round "3"]
[White "Mueller, W."]
[Black "Kiefer, Gerhard"]
[Result "0-1"]
[WhiteElo "1990"]
[BlackElo "2255"]

1.e4 c5 2.Nc3 Nc6 3.Nge2 Nf6 4.d4 cxd4 5.Nxd4 e5 6.Ndb5 d6 7.Bg5 a6 8.Na3 b5
9.Bxf6 gxf6 10.Nd5 Bg7 11.Bd3 Ne7 12.Nxe7 Qxe7 13.c4 O-O 14.O-O f5 15.Qf3 bxc4
16.Nxc4 d5 17.exd5 e4 18.Qe2 Bb7 19.Bc2 Rad8 20.Ne3 Qg5 21.h4 Qg6 22.Kh1 f4
23.h5 Qf6 24.Ng4 Qh4+ 25.Nh2 Rxd5 26.g3 Qh3 27.Qg4 Qxg4 28.Nxg4 Rxh5+ 29.Kg1 f5
30.Nh2 fxg3 31.fxg3 Bd4+ 32.Kg2 Rg5 33.Kh3 Be5 34.Bb3+  0-1

[Event "SWZ-chT"]
[Site "SWZ"]
[Date "1994.??.??"]
[Round "5"]
[White "Preziuso, Toni"]
[Black "Gerber, Richard"]
[Result "1/2-1/2"]
[WhiteElo "2085"]
[BlackElo "2325"]

1.e4 c5 2.Nc3 Nc6 3.Nge2 d6 4.g3 g6 5.Bg2 Bg7 6.d3 Nf6 7.O-O O-O 8.h3 Rb8
9.f4 Bd7 10.Be3 b5 11.Qd2 b4 12.Nd1 Ne8 13.f5 Nc7 14.Bh6 Nb5 15.Bxg7 Kxg7
16.Ne3 Nbd4 17.Nxd4 Nxd4 18.c3 Nc6 19.Ng4 Kh8 20.Qh6 Rg8 21.Qe3 f6 22.Nh6 Rg7
23.fxg6 hxg6 24.Rf4 Rh7 25.Rh4 Ne5 26.Ng4 Bxg4 27.hxg4 g5 28.Rxh7+ Kxh7 29.d4 cxd4
30.cxd4 Qb6 31.Rd1 Rc8 32.Qf2 Ng6 33.Qf5 Rc4 34.Qd5 Ne5 35.Kh1 Nxg4 36.Qf7+ Kh6
37.Qf8+ Kh7 38.Qf7+ Kh6 39.Qf8+  1/2-1/2

[Event "SWZ-chT"]
[Site "SWZ"]
[Date "1994.??.??"]
[Round "9"]
[White "Franzoni, Giancarlo"]
[Black "Gavrikov, Viktor"]
[Result "1/2-1/2"]
[WhiteElo "2445"]
[BlackElo "2590"]

1.e4 c5 2.Nc3 Nc6 3.Nge2 d6 4.d4 cxd4 5.Nxd4 Nf6 6.Nb3 e6 7.Bd3 a6 8.O-O b5
9.f4 Bb7 10.Qf3 Qc7 11.Bd2  1/2-1/2

[Event "Wch U18"]
[Site "Szeged"]
[Date "1994.??.??"]
[Round "8"]
[White "Mirumian, Vigen"]
[Black "Chernuschevich, Alexei"]
[Result "1/2-1/2"]
[WhiteElo "2290"]
[BlackElo "2365"]

1.e4 c5 2.Nc3 Nc6 3.Nf3 e6 4.Bb5 Nge7 5.O-O a6 6.Bxc6 Nxc6 7.d4 cxd4 8.Nxd4 Be7
9.Re1 O-O 10.Nxc6 bxc6 11.e5 f6 12.exf6 Bxf6 13.Ne4 Rb8 14.Nxf6+ Qxf6 15.Be3 Rb5
16.b3 Rf5 17.Qd6 Rd5 18.Qc7 Qc3 19.Rac1 a5 20.Bf4 Ba6 21.Bd6 Rc8 22.Qxd7 Qf6
23.Rxe6 Qd8 24.Qxd8+ Rxd8 25.Bf4 Kf7 26.Rce1 Rd1 27.f3 Bc8 28.Re7+ Kf6 29.Kf2 Rxe1
30.Rxe1 Bf5 31.c4 a4 32.bxa4 Ra8 33.Be5+ Kf7 34.Bd6 Be6 35.Rb1 Rxa4 36.Rb7+ Kf6
37.c5 Rxa2+ 38.Kg3 Bc4 39.Be7+ Kf5 40.Rb1 g5 41.Rh1 Re2 42.Bd6 Re3 43.Rd1 h5
44.h4 Bd5 45.hxg5 Re2 46.f4 Rxg2+ 47.Kh3 Re2 48.Rg1 Bf3 49.Ra1 Bg4+ 50.Kg3 Re3+
51.Kf2 Re2+ 52.Kg3 Re3+  1/2-1/2

[Event "Szekszard op"]
[Site "Szekszard"]
[Date "1994.??.??"]
[Round "3"]
[White "Kosanovic, Goran A"]
[Black "Kovacevic, Aleksandar"]
[Result "1-0"]
[WhiteElo "2385"]
[BlackElo "2445"]

1.e4 c5 2.Ne2 Nc6 3.Nbc3 g6 4.d4 cxd4 5.Nxd4 Bg7 6.Nde2 d6 7.h3 Nf6 8.g4 O-O
9.Bg2 Rb8 10.Be3 b5 11.Nd4 Nxd4 12.Bxd4 a6 13.Nd5 Ne8 14.Bxg7 Nxg7 15.Qd2 Bb7
16.O-O-O e5 17.Ne3 Qf6 18.h4 Ne6 19.f3 Rfd8 20.g5 Qf4 21.Kb1 b4 22.Ng4 Qxd2
23.Rxd2 Kg7 24.Rhd1 Nd4 25.f4 Bc8 26.Nf6 h5 27.Rf1 Be6 28.f5 Bc4 29.Rff2 a5
30.Bf1 Rbc8 31.Bxc4 Rxc4 32.Nd5 Nb5 33.Rde2 gxf5 34.Ne3 Rc7 35.Nxf5+ Kf8
36.g6 fxg6 37.Nd4+  1-0

[Event "Szekszard op"]
[Site "Szekszard"]
[Date "1994.??.??"]
[Round "9"]
[White "Gouliev, Namig"]
[Black "Varga, Zoltan"]
[Result "1-0"]
[WhiteElo "2370"]
[BlackElo "2480"]

1.e4 c5 2.Nf3 Nc6 3.Nc3 d6 4.d4 cxd4 5.Nxd4 Nf6 6.Be2 e5 7.Nf3 h6 8.O-O Be7
9.Re1 O-O 10.h3 Re8 11.Bf1 Bf8 12.a3 g6 13.Be3 Be6 14.Qd2 Kh7 15.Rad1 Rc8
16.Qc1 a6 17.g4 Qd7 18.Bb6 Ng8 19.Qe3 f6 20.Nd5 Qf7 21.c4 h5 22.gxh5 gxh5
23.Nh4 Qg7+ 24.Kh1 Qg5 25.Qxg5 fxg5 26.Nf3 g4 27.Ng5+ Kg6 28.Nxe6 Rxe6 29.hxg4 hxg4
30.Be2 Nh6 31.Rg1 Ne7 32.Ne3 Rc6 33.Bd8 Kf7 34.Bxe7 Bxe7 35.Bxg4 Nxg4 36.Rxg4 Rg6
37.Rdg1 Rxg4 38.Rxg4 a5 39.b3 Rb6 40.Nf5 Bf8 41.Rg3 d5 42.cxd5 Bxa3 43.Kg2 Bf8
44.Rc3 Rb4 45.Rc7+  1-0

[Event "ISR-ch"]
[Site "Tel Aviv"]
[Date "1994.??.??"]
[Round "8"]
[White "Lederer, Yoav"]
[Black "Sutovskij, Emil"]
[Result "0-1"]
[WhiteElo "2250"]
[BlackElo "2480"]

1.e4 c5 2.Nf3 Nc6 3.Nc3 Nf6 4.Bb5 g6 5.Bxc6 dxc6 6.h3 Bg7 7.d3 Nd7 8.O-O e5
9.Be3 Qe7 10.Ne2 O-O 11.c3 b6 12.Qb3 Ba6 13.Rfd1 Rfd8 14.Rd2 Nf6 15.Rad1 c4
16.dxc4 Nxe4 17.Rxd8+ Rxd8 18.Rxd8+ Qxd8 19.Qa4 Qc8 20.Nc1 Nd6 21.c5 Nc4
22.Bg5 h6 23.b3 b5 24.Qb4 hxg5 25.bxc4 bxc4 26.Nxg5 Qd8 27.h4 Qd1+ 28.Kh2 Qxc1
29.Qb8+ Bf8 30.Qxe5 Qd2 31.Ne4 Qd8 32.Nf6+ Kh8 33.Ne8+ f6 34.Qe4 Qe7 35.Qxg6 Bg7
36.h5 Qe5+ 37.g3 Qg5 38.Qf7 Bc8 39.Nxg7 Qxg7 40.Qe8+ Qg8 41.Qxc6 Qe6 42.Qc7 Qd7
43.Qf4 Qf5 44.Qd4 Be6 45.Kg1 Bd5 46.f4 Kg7 47.Kf2 Qxh5 48.g4 Qh4+ 49.Kf1 Qh1+
50.Kf2 Qf3+ 51.Ke1 Kg6 52.c6 Qh1+ 53.Kd2 Qg2+ 54.Ke3 Qg1+  0-1

[Event "Tilburg rapid20"]
[Site "Tilburg"]
[Date "1994.??.??"]
[Round "1"]
[White "Svidler, Peter"]
[Black "Greenfeld, Alon"]
[Result "0-1"]
[WhiteElo "2550"]
[BlackElo "2600"]

1.e4 c5 2.Nf3 Nc6 3.Nc3 d6 4.Bb5 e5 5.O-O Ne7 6.a3 g6 7.b4 Bg7 8.bxc5 dxc5
9.Bxc6+ Nxc6 10.Nd5 O-O 11.d3 f5 12.h3 Nd4 13.c4 Nxf3+ 14.Qxf3 fxe4 15.Qxe4 Bf5
16.Qe2 e4 17.dxe4 Bxe4 18.Bb2 Bxd5 19.Bxg7 Bxg2 20.Bxf8 Bxf1 21.Kxf1 Qf6
22.Rd1 Rxf8 23.Rd5 b6 24.Kg2 Rf7 25.Qe3 Kg7 26.a4 Re7 27.Qd3 Qf4 28.Rd7 Rxd7
29.Qxd7+ Qf7 30.Qg4 Qe8 31.Qf4 Qxa4 32.Qe5+ Kf7 33.Qf4+ Ke6 34.Qe4+ Kd6 35.Qf4+ Kc6
36.Qf6+ Kc7 37.Qe5+ Kb7 38.Qe7+ Ka6 39.Qxh7 Qc6+ 40.f3 Qe6 41.Qg7 Qe1 42.Qxg6 Qe2+
43.Kg3 Qxc4 44.Qe4 Qc3 45.Qa4+ Qa5 46.Qc4+ Qb5 47.Qa2+ Kb7 48.Qf7+ Kb8 49.h4 c4
50.h5 Qg5+ 51.Kh3 c3 52.f4 Qd8 53.Qc4 Qc7 54.Qg8+ Kb7 55.Qd5+ Qc6 56.Qf7+ Kc8
57.Qf8+ Kc7 58.Qa3 c2 59.Qc1 Qf3+ 60.Kh4 Qd1  0-1

[Event "Timisoara (Women)"]
[Site "Timisoara"]
[Date "1994.??.??"]
[Round "2"]
[White "Safranska, Anda"]
[Black "Peptan, Corina"]
[Result "0-1"]
[WhiteElo "2305"]
[BlackElo "2255"]

1.e4 c5 2.Nc3 Nc6 3.Nf3 g6 4.d4 cxd4 5.Nxd4 Bg7 6.Be3 d6 7.Bc4 Nf6 8.f3 O-O
9.Qd2 Bd7 10.O-O-O Rc8 11.Bb3 Na5 12.h4 h5 13.Kb1 a6 14.Bg5 Rc5 15.Rhe1 Re8
16.e5 dxe5 17.Nde2 Nxb3 18.axb3 Rc7 19.Bxf6 exf6 20.Nd5 Rc8 21.Nxf6+ Qxf6
22.Qxd7 e4 23.Nc3 Red8 24.Qxb7 Rxc3 25.Rxd8+ Qxd8 26.Qxa6 Rc5 27.fxe4 Ra5
28.Qe2 Qa8 29.c4 Ra1+ 30.Kc2 Bxb2 31.Rxa1 Qxa1 32.b4 Be5 33.Kb3 Qc3+ 34.Ka4 Qa1+
35.Kb5 Qa7 36.c5 Qb7+ 37.Kc4 Qd7 38.Qc2 Kg7 39.b5 Qd4+ 40.Kb3 Qe3+ 41.Kb4 Qd4+
42.Ka5 Qa1+ 43.Kb4 Kf6 44.b6 Qa6 45.Qd2 Ke7 46.Qg5+ Ke6 47.Qd2 Qa8 48.Kb5 Qxe4
49.c6 Bd4 50.Qa2+ Kf6 51.Qb3 Qe2+ 52.Ka5 Qxg2 53.Qb4 Qd5+ 54.Ka6 Be5 55.Qb5 Qa2+
56.Kb7 Qg2 57.Qd3 Kg7 58.Qc4 g5 59.Ka6 g4 60.Ka7 g3 61.c7 Bxc7 62.bxc7 Qf2+
63.Kb7 Qb2+ 64.Ka8 g2 65.c8=Q g1=Q 66.Qc3+ Qxc3 67.Qxc3+ Kh7 68.Qd3+ Qg6
69.Qf3 f5 70.Kb8 Qg4 71.Qd3 Qb4+ 72.Kc7 Kg6 73.Qg3+ Kf7 74.Qf3 Qe7+ 75.Kb6 Qxh4
76.Qd5+ Kg7 77.Qd7+ Kg6 78.Qe8+ Kg5 79.Qe7+ Kg4 80.Qe2+ Kf4 81.Qc4+ Kg3 82.Qd3+ Kg2
83.Kb5 Qe4  0-1

[Event "Timisoara (Women)"]
[Site "Timisoara"]
[Date "1994.??.??"]
[Round "6"]
[White "Safranska, Anda"]
[Black "Nutu Gajic, Dana"]
[Result "0-1"]
[WhiteElo "2305"]
[BlackElo "2345"]

1.e4 c5 2.Nc3 Nc6 3.Nf3 d6 4.d4 cxd4 5.Nxd4 Nf6 6.Bc4 Qb6 7.Nb3 e6 8.O-O Be7
9.Re1 O-O 10.Be3 Qc7 11.Bf1 a6 12.f4 b6 13.a4 Na5 14.Nxa5 bxa5 15.g4 Bb7
16.Bg2 d5 17.e5 Ne4 18.Nxe4 dxe4 19.Bf2 f6 20.Bxe4 fxe5 21.f5 exf5 22.Bxb7 Qxb7
23.Rxe5 Rad8 24.Qe1 Bf6 25.Rxf5 Qxb2 26.Qe6+ Kh8 27.Rf1 Qxc2 28.Rh5 Bd4 29.Rf5 Rxf5
30.gxf5 Qxa4 31.f6 Bxf6 32.Re1 h6 33.Kg2 Qb5 34.Qg4 a4 35.h4 a3  0-1

[Event "SVK-ch"]
[Site "Topolcianky"]
[Date "1994.??.??"]
[Round "10"]
[White "Turcan, Milan"]
[Black "Gazik, Igor"]
[Result "0-1"]
[WhiteElo "2210"]
[BlackElo "2410"]

1.e4 c5 2.Nc3 Nc6 3.Bb5 g6 4.Bxc6 bxc6 5.f4 Bg7 6.Nf3 d5 7.e5 Nh6 8.O-O O-O
9.b3 c4 10.bxc4 Ba6 11.d3 dxc4 12.d4 Bc8 13.Ne4 Be6 14.c3 Qa5 15.Qe1 Bd5
16.Nc5 Nf5 17.g4 Bxf3 18.Rxf3 Nxd4 19.Rh3 Nc2 20.Qh4 h6 21.Nd7 Nxa1 22.f5 Rad8
23.Bxh6 Rxd7 24.Be3 Rd1+ 25.Kg2 Qd5+ 26.Kf2 Rb8 27.f6 Rb2+  0-1

[Event "Vantaa op2"]
[Site "Vantaa"]
[Date "1994.??.??"]
[Round "3"]
[White "Gdanski, Jacek"]
[Black "Haapasalo, Jukka Pekka"]
[Result "1-0"]
[WhiteElo "2505"]
[BlackElo "2235"]

1.e4 c5 2.Nc3 Nc6 3.Nge2 e6 4.g3 Nf6 5.Bg2 Be7 6.O-O O-O 7.f4 d5 8.e5 Ne8
9.Kh1 f6 10.exf6 Bxf6 11.d3 Nc7 12.g4 b5 13.Ng3 Bb7 14.f5 b4 15.Na4 Be7 16.Bf4 Bd6
17.Qd2 Ne7 18.Be3 d4 19.Bxb7 dxe3 20.Qxe3 exf5 21.gxf5 Bxg3 22.Qxg3 Nxf5
23.Qe5 Rb8 24.Nxc5 Nd6 25.Bc6 Nf7 26.Qg3 Rb6 27.Be4 Qe7 28.Nb3 Ne6 29.Rae1 Nfg5
30.Rxf8+ Qxf8 31.Bg2 Ra6 32.Bd5 Rd6 33.Qxg5  1-0

[Event "Vantaa op2"]
[Site "Vantaa"]
[Date "1994.??.??"]
[Round "7"]
[White "Raaste, Eero J"]
[Black "Veingold, Aleksandr"]
[Result "1/2-1/2"]
[WhiteElo "2350"]
[BlackElo "2465"]

1.e4 c5 2.Nc3 Nc6 3.Nge2 Nf6 4.d4 cxd4 5.Nxd4 d6 6.Be3 Ng4 7.Bg5 h6 8.Bh4 g5
9.Bg3 Bg7 10.Nb3 f5 11.Be2 h5 12.exf5 Bxf5 13.h3 Nf6 14.Nd4 Nxd4 15.Qxd4 h4
16.Bh2 Qb6 17.Qxb6 axb6 18.Bf3 Bxc2 19.O-O Bf5 20.Bxb7 Ra7 21.Bc6+ Bd7 22.Bb5 g4
23.Rfe1 Rh5 24.a4 gxh3 25.Bxd6 Bxb5 26.Nxb5 Rxb5 27.Bxe7 Rxe7 28.axb5 hxg2
29.Kxg2 Nd7 30.Kh3 Bxb2 31.Rxe7+ Kxe7 32.Re1+ Kd6 33.Rd1+ Ke6 34.Kxh4 Nf6
35.Kg5 Ne4+ 36.Kg6 Ke5 37.f3 Nc3 38.Rd3 Nd5 39.Kf7 Bd4 40.Ke8 Nf4 41.Rd1 Kd5
42.Kd7 Ne2 43.Rh1 Bc5 44.Rh5+ Kc4 45.f4 Kxb5 46.f5 Ng3 47.Rg5 Ne4 48.Rg2 Kc4
49.Ke6 Kc3 50.Re2  1/2-1/2

[Event "Velden op"]
[Site "Velden"]
[Date "1994.??.??"]
[Round "5"]
[White "Zelcic, Robert"]
[Black "Petschar, Kurt"]
[Result "1-0"]
[WhiteElo "2485"]
[BlackElo "2295"]

1.e4 c5 2.Nf3 Nc6 3.Nc3 e5 4.Bc4 Be7 5.O-O Nf6 6.Re1 d6 7.Nd5 O-O 8.c3 a6
9.h3 Nxd5 10.exd5 Na5 11.Bf1 b5 12.d3 f5 13.Nh2 Bf6 14.Bd2 Bd7 15.Rc1 Nb7
16.b4 a5 17.a3 axb4 18.axb4 Ra2 19.Nf3 Qb6 20.Re2 h6 21.bxc5 Nxc5 22.Be3 Rxe2
23.Qxe2 f4 24.Bxc5 Qxc5 25.Qe4 Ra8 26.d4 exd4 27.Bd3 Rf8 28.Qh7+ Kf7 29.Re1 Rg8
30.Qg6+ Kf8 31.Bf5 Qc8 32.Bxd7 Qxd7 33.Nxd4 Bxd4 34.cxd4 Rh8 35.Ra1 Qd8 36.Qe6 g5
37.Ra7  1-0